LEADER 01531nam a2200337 u 4500 001 000000070903 003 CaOOAMICUS 005 20070226122055.0 008 020517s1983 it u000 u ita u 020 $a8870264807 035 $a10930186 040 $aPUL(R)$bita 245 10$aPellegrinaggio e religiosità popolare /$cV. Bo ... [et al.] ; a cura di Luigi Sartori. 260 $aPadova :$bEMP (Edizioni Messaggero Padova),$c1983. 300 $a180 p. ;$c22 cm 490 1 $aStudi religiosi ;$v2 504 $aBibliografia in nota. 650 4$aReligiosità popolare.$0(OLS)http://pul/subject/12410 650 4$aPellegrinaggi cristiani.$0(OLS)http://pul/subject/19101 700 1 $aBo, Vincenzo,$d1922-$0(OLS)http://pul/name/14059 700 1 $aSartori, Luigi.$0(OLS)http://pul/name/397 830 0$aStudi religiosi (Messaggero) ;$v2.$0(OLS)http://pul/title/18487 850 $aPUL 852 $aPUL$W1$xDP1 Cons. Gen., Altre Classi 1$y22$m780 C 19$j91760$nBK-PRI$b $qStampati$B91760$CPULBib$Z2$F91760 $H $81 852 $aPUL$W1$xDP1 Cons. Gen., Altre Classi 1$y22$m780 C 18$j91761$nBK-PRI$b $qStampati$B91761$CPULBib$Z2$F91761 $H $81 941 1 $a8 961 $aINV: 52223 961 $aINV: 51502 996 $6020$a8870264807$9(OLS)http://pul/number/91677 996 $6245$aPellegrinaggio e religiosità popolare$9(OLS)http://pul/title/93396 996 $6260$aPadova :$bEMP (Edizioni Messaggero Padova)$9(OLS)http://pul/publisher/73299 LEADER 01066nam a2200241 u 4500 001 000000110150 003 CaOOAMICUS 005 20080227143653.0 008 080227s1980 it u000 u ita u 040 $aPUL$bita$dLDB 245 00$aCasse di risparmio :$ble istituzioni finanziarie del ceto medio /$cBarcellona ... [et al.] ; a cura di Pietro Barcellona. 260 $aBari :$bDe Donato,$cc1980. 300 $a187 p. ;$c23 cm. 490 1 $aRiforme e potere ;$v36 504 $aBibliografia in nota. 650 4$aBanche e gestione bancaria.$0(OLS)http://pul/subject/6724 700 1 $aBarcellona, Pietro.$0(OLS)http://pul/name/67489 830 0$aRiforme e potere ;$v36.$0(OLS)http://pul/title/95636 850 $aPUL 852 $aPUL$W1$xDP1 Cons. Gen., Altre Classi 1$y22$m843 C 50$j126156$qStampati$B124883$CPULBib$Z2$F124883 $H63965 $82 941 1 $a8 996 $6245$aCasse di risparmio :$ble istituzioni finanziarie del ceto medio$9(OLS)http://pul/title/138498 996 $6260$aBari :$bDe Donato$9(OLS)http://pul/publisher/50890